| 000 | 01068nam a2200289 a 4500 | ||
|---|---|---|---|
| 001 | 000045426 | ||
| 003 | OSt | ||
| 005 | 20201029111003.0 | ||
| 008 | 150309s2014 dr ac 000 0 spa d | ||
| 020 | _a9789945893007 | ||
| 040 |
_aDO-SdBNP _bspa _cBNPHU |
||
| 082 |
_axxxxxx _bxxxxxx |
||
| 100 | 1 |
_aDelgado Mestres, Alicia _973478 |
|
| 245 | 1 | 0 |
_aHistoria de la refinería dominicana de petróleo S. A. : _b(1973-2013) / _cAlicia Delgado y Mestres ; colaboradores Eduardo Delgado y Suárez, Néstor Rodríguez Silberberg, Ana Pöu... [et al] |
| 260 |
_aSanto Domingo : _bAlfa y Omega, _c2014. |
||
| 300 |
_a81 p. : _bil., retrs. ; _c23 cm. |
||
| 504 | _aBibliografía : p. 81 | ||
| 590 | _aInventariado, 2020/ YL | ||
| 700 | 1 | 2 |
_aDelgado Suárez, Eduardo _ecol. _977055 |
| 700 | 1 | 2 |
_aRodríguez Silberberg, Néstor _ecol. _977056 |
| 700 | 1 | 2 |
_aPou, Ana _ecol. _977057 |
| 700 | 1 | 2 |
_aBautista, José _ecol. _977058 |
| 700 | 1 | 2 |
_aMieses, Isaolim _ecol. _977059 |
| 700 | 1 | 2 |
_aFiguereo, Máximo _ecol. _920585 |
| 700 | 1 | 2 |
_aMañon, Emmanuel _ecol. _977060 |
| 942 |
_2ddc _cLBS1 |
||
| 999 |
_c44915 _d44915 |
||